Statistics for JR東日本東京近郊路線図クイズ

Click here to take the quiz!

General Stats

  • This quiz has been taken 1,905 times
  • The average score is 256 of 379

Answers on the Map

Answers color-coded by a green-red scale on the quiz's map according to % correct below.
 

Answer Stats

山手線% Correct
東京
95%
東京
95%
新宿
93%
上野
93%
上野
93%
品川
92%
秋葉原
91%
横浜
91%
秋葉原
91%
神田
90%
日暮里
90%
渋谷
90%
神田
90%
高輪ゲートウェイ
89%
池袋
89%
御徒町
89%
新橋
89%
御徒町
89%
大崎
88%
大宮
88%
西日暮里
88%
有楽町
87%
千葉
87%
目黒
87%
原宿
87%
川崎
87%
代々木
87%
田端
86%
目白
86%
恵比寿
86%
浜松町
85%
五反田
85%
高田馬場
85%
八王子
85%
鶯谷
85%
赤羽
85%
新大久保
85%
田町
85%
中野
85%
鶯谷
85%
御茶ノ水
84%
巣鴨
84%
浦和
84%
立川
83%
大船
83%
船橋
82%
大塚
82%
武蔵小杉
82%
駒込
82%
鶴見
81%
舞浜
81%
三鷹
81%
南浦和
80%
西船橋
80%
四ツ谷
80%
さいたま新都心
79%
西府
79%
東神奈川
78%
尾久
78%
荻窪
78%
横須賀
77%
水道橋
77%
鎌倉
77%
武蔵浦和
76%
府中本町
76%
国分寺
76%
蒲田
76%
錦糸町
76%
吉祥寺
76%
高尾
75%
飯田橋
75%
桜木町
75%
市川
75%
新木場
75%
西国分寺
75%
青梅
75%
北千住
75%
戸塚
75%
逗子
75%
大久保
74%
阿佐ヶ谷
74%
両国
74%
北浦和
74%
大井町
73%
高円寺
73%
新横浜
73%
西荻窪
73%
国立
73%
73%
松戸
73%
海浜幕張
73%
幕張
73%
久里浜
72%
東中野
72%
新小岩
72%
八丁堀
72%
葛西臨海公園
72%
新川崎
72%
与野
71%
西大井
71%
南千住
71%
取手
71%
信濃町
70%
西八王子
70%
我孫子
70%
武蔵小金井
70%
板橋
70%
川口
70%
小岩
69%
橋本
69%
津田沼
69%
十条
69%
北鎌倉
69%
市ヶ谷
69%
大森
69%
王子
69%
東戸塚
68%
新松戸
68%
西浦和
68%
東浦和
68%
保土ヶ谷
68%
稲毛
68%
千駄ヶ谷
68%
奥多摩
67%
関内
67%
豊田
67%
南船橋
67%
浅草橋
67%
越中島
67%
越谷レイクタウン
67%
新日本橋
67%
東十条
67%
戸田
66%
武蔵境
66%
馬喰町
66%
綾瀬
66%
拝島
66%
65%
新浦安
65%
千葉みなと
65%
日野
65%
町田
65%
潮見
64%
武蔵五日市
64%
新子安
63%
尻手
63%
幕張本郷
63%
戸田公園
63%
根岸
63%
西千葉
63%
三河島
63%
西川口
62%
磯子
62%
東小金井
61%
登戸
61%
亀戸
61%
亀有
61%
浜川崎
61%
北与野
60%
与野本町
60%
港南台
59%
海芝浦
59%
天王台
59%
北柏
59%
二俣新町
58%
上中里
58%
北赤羽
58%
浮間舟渡
58%
南越谷
58%
吉川
58%
金町
58%
洋光台
58%
武蔵溝ノ口
58%
西立川
58%
菊名
57%
東船橋
57%
八王子みなみ野
57%
北府中
56%
船橋法典
56%
武蔵中原
56%
南柏
56%
吉川美南
56%
新習志野
56%
東所沢
56%
市川塩浜
56%
石川町
56%
国道
56%
山手
56%
本八幡
55%
南与野
55%
北朝霞
54%
北戸田
54%
稲毛海岸
54%
北松戸
54%
新秋津
54%
平井
54%
相模原
54%
新杉田
53%
本郷台
53%
田浦
53%
長津田
53%
検見川浜
53%
武蔵新城
53%
分倍河原
51%
東川口
51%
馬橋
51%
大川
50%
新三郷
50%
新検見川
50%
新座
50%
三郷
50%
中浦和
50%
東松戸
49%
小机
49%
衣笠
49%
大口
48%
東逗子
48%
新芝浦
48%
福生
48%
新小平
48%
南流山
48%
鹿島田
47%
下総中山
47%
淵野辺
47%
東青梅
47%
中山
46%
矢向
46%
安善
46%
片倉
46%
昭島
46%
稲城長沼
45%
扇町
45%
北小金
45%
西国立
45%
八丁畷
45%
相原
44%
新八柱
44%
市川大野
43%
谷保
43%
稲田堤
43%
御嶽
42%
十日市場
41%
鴨居
41%
河辺
40%
軍畑
40%
宿河原
40%
小田栄
40%
武蔵白石
39%
古淵
38%
浅野
38%
南多摩
38%
成瀬
38%
川崎新町
38%
向河原
37%
鶴見小野
37%
中神
37%
東中神
37%
秋川
36%
白丸
36%
平間
35%
昭和
35%
羽村
35%
矢部
34%
弁天橋
34%
久地
34%
矢川
33%
矢野口
32%
鳩ノ巣
32%
中野島
31%
東秋留
31%
武蔵増戸
30%
津田山
30%
武蔵引田
29%
小作
28%
日向和田
26%
牛浜
26%
熊川
26%
川井
24%
二俣尾
23%
古里
23%
沢井
23%
石神前
22%
宮ノ平
22%

Score Distribution

Percentile by Number Answered

Percent of People with Each Score

Your Score History

You have not taken this quiz